Virtual legality: authoritarian legacies and the reform of military justice in Brazil, the Southern Cone and Mexico (Record no. 49426)

000 -LEADER
fixed length control field 00578pab a2200193 454500
008 - FIXED-LENGTH DATA ELEMENTS--GENERAL INFORMATION
fixed length control field 180718b2001 xxu||||| |||| 00| 0 eng d
100 ## - MAIN ENTRY--PERSONAL NAME
Personal name Pereira, Anthony W.
245 ## - TITLE STATEMENT
Title Virtual legality: authoritarian legacies and the reform of military justice in Brazil, the Southern Cone and Mexico
260 ## - PUBLICATION, DISTRIBUTION, ETC.
Date of publication, distribution, etc. 2001
300 ## - PHYSICAL DESCRIPTION
Extent p.555-74
362 ## - DATES OF PUBLICATION AND/OR SEQUENTIAL DESIGNATION
Dates of publication and/or sequential designation Jun
650 ## - SUBJECT ADDED ENTRY--TOPICAL TERM
Topical term or geographic name entry element Courts - Mexico
650 ## - SUBJECT ADDED ENTRY--TOPICAL TERM
Topical term or geographic name entry element Courts - Brazil
650 ## - SUBJECT ADDED ENTRY--TOPICAL TERM
Topical term or geographic name entry element Mexico - Armed forces
650 ## - SUBJECT ADDED ENTRY--TOPICAL TERM
Topical term or geographic name entry element Brazil - Armed forces
650 ## - SUBJECT ADDED ENTRY--TOPICAL TERM
Topical term or geographic name entry element Armed forces
773 ## - HOST ITEM ENTRY
Main entry heading Comparative Political Studies
909 ## -
-- 49426
Holdings
Withdrawn status Lost status Damaged status Not for loan Permanent Location Current Location Date acquired Serial Enumeration / chronology Barcode Date last seen Price effective from Koha item type
        Indian Institute of Public Administration Indian Institute of Public Administration 2018-07-19 Volume no: 34, Issue no: 5 AR49854 2018-07-19 2018-07-19 Articles

Powered by Koha